Statistics for EURO 2016 squads pt. 2

Click here to take the quiz!

General Stats

  • This quiz has been taken 10 times
  • The average score is 105 of 276

Answer Stats

ClubPositionPlayer% Correct
ChelseaDFCésar Azpilicueta
100%
BarcelonaDFGerard Piqué
100%
PortoGKIker Casillas
100%
BarcelonaDFJordi Alba
100%
Sporting CPMFAdrien Silva
88%
JuventusFWÁlvaro Morata
88%
JuventusDFAndrea Barzagli
88%
Zenit Saint PetersburgMFAxel Witsel
88%
Beijing GuoanFWBurak Yılmaz
88%
Real MadridFWCristiano Ronaldo
88%
RomaMFDaniele De Rossi
88%
Manchester UnitedGKDavid de Gea
88%
Manchester CityMFDavid Silva
88%
LiverpoolFWDivock Origi
88%
NapoliFWDries Mertens
88%
ChelseaFWEden Hazard
88%
LilleFWEder
88%
InternazionaleFWÉder
88%
RB LeipzigMFEmil Forsberg
88%
NordsjaellandFWEmre Mor
88%
JuventusGKGianluigi Buffon
88%
JuventusDFGiorgio Chiellini
88%
BarcelonaMFIvan Rakitić
88%
Tottenham HotspurDFJan Vertonghen
88%
MonacoMFJoão Moutinho
88%
OostendeDFJordan Lukaku
88%
Manchester CityFWKevin De Bruyne
88%
Atlético MadridMFKoke
88%
JuventusDFLeonardo Bonucci
88%
NapoliFWLorenzo Insigne
88%
Real MadridMFLuka Modrić
88%
InternazionaleMFMarcelo Brozović
88%
Manchester UnitedMFMarouane Fellaini
88%
Real MadridMFMateo Kovačić
88%
Manchester UnitedDFMatteo Darmian
88%
Real MadridDFPepe
88%
ArsenalGKPetr Čech
88%
RomaMFRadja Nainggolan
88%
BragaMFRafa Silva
88%
EvertonFWRomelu Lukaku
88%
Sporting CPGKRui Patrício
88%
Paris Saint-GermainGKSalvatore Sirigu
88%
BarcelonaMFSergio Busquets
88%
Real MadridDFSergio Ramos
88%
LiverpoolGKSimon Mignolet
88%
Bayern MunichMFThiago
88%
ChelseaGKThibaut Courtois
88%
BarcelonaDFThomas Vermaelen
88%
Tottenham HotspurDFToby Alderweireld
88%
ArsenalMFTomáš Rosický
88%
Atlético MadridFWYannick Carrasco
88%
Paris Saint-GermainFWZlatan Ibrahimović
88%
1899 HoffenheimFWAndrej Kramarić
75%
BarcelonaMFAndrés Iniesta
75%
West Ham UnitedDFAngelo Ogbonna
75%
LyonGKAnthony Lopes
75%
BarcelonaMFArda Turan
75%
Athletic BilbaoFWAritz Aduriz
75%
TorinoFWCiro Immobile
75%
MonacoGKDanijel Subašić
75%
Bayern MunichDFDavid Alaba
75%
SouthamptonFWGraziano Pellè
75%
Swansea CityMFGylfi Sigurðsson
75%
Bayer LeverkusenMFHakan Çalhanoğlu
75%
SouthamptonDFJosé Fonte
75%
Atlético MadridDFJuanfran
75%
JuventusFWMario Mandžukić
75%
FenerbahçeFWNani
75%
Borussia DortmundMFNuri Şahin
75%
ChelseaFWPedro
75%
KrasnodarDFRagnar Sigurðsson
75%
BeşiktaşFWRicardo Quaresma
75%
CopenhagenGKRobin Olsen
75%
FenerbahçeMFVolkan Şen
75%
ChelseaMFCesc Fàbregas
63%
Shakhtar DonetskDFDarijo Srna
63%
ArsenalDFHéctor Bellerín
63%
InternazionaleMFIvan Perišić
63%
NapoliDFIvan Strinić
63%
Hajduk SplitGKLovre Kalinić
63%
MilanDFMattia De Sciglio
63%
MarseilleFWMichy Batshuayi
63%
FiorentinaFWNikola Kalinić
63%
1899 HoffenheimDFPavel Kadeřábek
63%
MonacoDFRicardo Carvalho
63%
LA GalaxyFWRobbie Keane
63%
JuventusFWSimone Zaza
63%
Paris Saint-GermainMFThiago Motta
63%
Bayer LeverkusenDFTin Jedvaj
63%
Sporting CPMFWilliam Carvalho
63%
KrasnodarDFAndreas Granqvist
50%
FenerbahçeDFBruno Alves
50%
FenerbahçeMFCaner Erkin
50%
Dynamo KyivDFDomagoj Vida
50%
BolognaMFEmanuele Giaccherini
50%
LazioGKFederico Marchetti
50%
Charlton AthleticMFJóhann Berg Guðmundsson
50%
GrasshopperMFKim Källström
50%
LazioMFMarco Parolo
50%
Stoke CityFWMarko Arnautović
50%
Norwich CityDFMartin Olsson
50%
FiorentinaMFMilan Badelj
50%
Tottenham HotspurMFMousa Dembélé
50%
RB LeipzigGKPéter Gulácsi
50%
LorientDFRaphaël Guerreiro
50%
BenficaMFRenato Sanches
50%
SassuoloDFŠime Vrsaljko
50%
BenficaDFVictor Lindelöf
50%
Hannover 96FWÁdám Szalai
38%
Hamburger SVMFAlbin Ekdal
38%
Dynamo KyivDFAleksandar Dragović
38%
FC AugsburgFWAlfreð Finnbogason
38%
LazioMFAntonio Candreva
38%
Cardiff CityMFAron Gunnarsson
38%
BursasporMFBalázs Dzsudzsák
38%
SouthamptonDFCédric Soares
38%
BeşiktaşFWCenk Tosun
38%
GalatasarayDFJason Denayer
38%
OlympiacosMFJimmy Durmaz
38%
Sporting CPMFJoão Mário
38%
SunderlandDFJohn O'Shea
38%
NantesFWKolbeinn Sigþórsson
38%
Dinamo ZagrebFWMarko Pjaca
38%
Celta VigoFWNolito
38%
EvertonDFSéamus Coleman
38%
SunderlandMFSebastian Larsson
38%
SevillaGKSergio Rico
38%
SouthamptonFWShane Long
38%
Stoke CityGKShay Given
38%
JuventusMFStefano Sturaro
38%
Lokomotiv MoscowDFVedran Ćorluka
38%
Hertha BSCMFVladimír Darida
38%
RomaMFAlessandro Florenzi
25%
KasımpaşaGKAndreas Isaksson
25%
LiverpoolFWChristian Benteke
25%
Leicester CityDFChristian Fuchs
25%
West Ham UnitedGKDarren Randolph
25%
TrabzonsporMFErkan Zengin
25%
FiorentinaMFFederico Bernardeschi
25%
VfB StuttgartDFFlorian Klein
25%
HaladásGKGábor Király
25%
GalatasarayDFHakan Balta
25%
Bodø/GlimtGKHannes Þór Halldórsson
25%
BordeauxMFJaroslav Plašil
25%
Celta VigoFWJohn Guidetti
25%
Stoke CityFWJonathan Walters
25%
Mainz 05MFJulian Baumgartlinger
25%
Tottenham HotspurDFKevin Wimmer
25%
Real MadridFWLucas Vázquez
25%
BarcelonaDFMarc Bartra
25%
FenerbahçeMFMehmet Topal
25%
Athletic BilbaoDFMikel San José
25%
Legia WarsawFWNemanja Nikolić
25%
Ingolstadt 04GKRamazan Özcan
25%
WatfordDFSebastian Prödl
25%
GalatasarayMFSelçuk İnan
25%
Blackburn RoversDFShane Duffy
25%
RomaMFStephan El Shaarawy
25%
Werder BremenDFTheodor Gebre Selassie
25%
Club BruggeDFThomas Meunier
25%
BaselGKTomáš Vaclík
25%
İstanbul BaşakşehirGKVolkan Babacan
25%
Mainz 05MFYunus Mallı
25%
Werder BremenMFZlatko Junuzović
25%
GençlerbirliğiDFAhmet Yılmaz Çalık
13%
Diósgyőri VTKMFÁkos Elek
13%
Schalke 04MFAlessandro Schöpf
13%
Dinamo ZagrebMFAnte Ćorić
13%
IFK NorrköpingMFArnór Ingvi Traustason
13%
Hammarby IFDFBirkir Már Sævarsson
13%
Sparta PragueMFBořek Dočkal
13%
VillarealMFBruno Soriano
13%
Aston VillaDFCiaran Clark
13%
PortoMFDanilo
13%
Ipswich TownFWDaryl Murphy
13%
Sparta PragueFWDavid Lafata
13%
Viktoria PlzeňDFDavid Limberský
13%
FerencvárosGKDénes Dibusz
13%
Dinamo ZagrebGKEduardo
13%
BenficaDFEliseu
13%
UdineseMFEmil Hallfreðsson
13%
FenerbahçeDFGökhan Gönül
13%
Darmstadt 98DFGyörgy Garics
13%
Eintracht FrankfurtGKHeinz Lindner
13%
BeşiktaşDFİsmail Köybaşı
13%
EvertonMFJames McCarthy
13%
West Bromwich AlbionMFJames McClean
13%
Derby CountyMFJeff Hendrick
13%
1. FC KaiserslauternFWJón Daði Böðvarsson
13%
Malmö FFDFKári Árnason
13%
Werder BremenMFLászló Kleinheisler
13%
Montreal ImpactDFLaurent Ciman
13%
CopenhagenDFLudwig Augustinsson
13%
RB LeipzigMFMarcel Sabitzer
13%
BaselFWMarc Janko
13%
PanathinaikosFWMarcus Berg
13%
BaselDFMarek Suchý
13%
Dinamo ZagrebMFMarko Rog
13%
VfB StuttgartMFMartin Harnik
13%
FenerbahçeDFMichal Kadlec
13%
CelticDFMikael Lustig
13%
BeşiktaşMFOğuzhan Özyakup
13%
TrabzonsporGKOnur Kıvrak
13%
FenerbahçeMFOzan Tufan
13%
TorinoDFPontus Jansson
13%
Wisła KrakówDFRichárd Guzmics
13%
Norwich CityMFRobbie Brady
13%
Austria WienGKRobert Almer
13%
VideotonDFRoland Juhász
13%
GalatasarayDFSemih Kaya
13%
BurnleyDFStephen Ward
13%
Lech PoznańDFTamás Kádár
13%
Slovan BratislavaFWTamás Priskin
13%
Norwich CityMFWes Hoolahan
13%
FerencvárosMFZoltán Gera
13%
VideotonDFÁdám Lang
0%
FerencvárosMFÁdám Nagy
0%
FerencvárosMFÁdám Pintér
0%
Sheffield WednesdayMFAiden McGeady
0%
ValenciaMFAndré Gomes
0%
Odense BoldklubDFAri Freyr Skúlason
0%
Puskás AkadémiaDFAttila Fiola
0%
MTK BudapestDFBarnabás Bese
0%
BaselMFBirkir Bjarnason
0%
GenkDFChristian Kabasele
0%
Derby CountyDFCyrus Christie
0%
FerencvárosFWDániel Böde
0%
Viktoria PlzeňMFDaniel Kolář
0%
Sheffield WednesdayMFDaniel Pudil
0%
Hull CityMFDavid Meyler
0%
KasımpaşaMFDavid Pavelka
0%
MálagaFWDuje Čop
0%
MoldeFWEiður Guðjohnsen
0%
IFK NorrköpingFWEmir Kujović
0%
CopenhagenDFErik Johansson
0%
Lech PoznańMFGergő Lovrencsics
0%
Stoke CityMFGlenn Whelan
0%
Dinamo ZagrebDFGordon Schildenfeld
0%
BursasporGKHarun Tekin
0%
AIK FotbollDFHaukur Heiðar Hauksson
0%
IFK GöteborgDFHjörtur Hermannsson
0%
CesenaDFHörður Björgvin Magnússon
0%
SandefjordGKIngvar Jónsson
0%
RijekaGKIvan Vargić
0%
LuzernMFJakob Jantscher
0%
MechelenGKJean-François Gillet
0%
Brighton & Hove AlbionMFJiří Skalák
0%
Sparta PragueMFJosef Šural
0%
Sheffield WednesdayGKKeiren Westwood
0%
Al-GharafaFWKrisztián Németh
0%
Sparta PragueMFLadislav Krejčí
0%
Ingolstadt 04FWLukas Hinterseer
0%
Ingolstadt 04DFMarkus Suttner
0%
Borussia MönchengladbachDFMartin Hinteregger
0%
DebrecenDFMihály Korhut
0%
Slavia PragueFWMilan Škoda
0%
Hammarby IFGKÖgmundur Kristinsson
0%
BeşiktaşMFOlcay Şahan
0%
PalmeroMFOscar Hiljemark
0%
Malmö FFMFOscar Lewicki
0%
AIK FotbollGKPatrik Carlgren
0%
CSKA MoscowMFPontus Wernbloom
0%
Derby CountyDFRichard Keogh
0%
Viktoria PlzeňDFRoman Hubník
0%
1860 MunichFWRubin Okotie
0%
GIF SundsvallMFRúnar Már Sigurjónsson
0%
FenerbahçeDFŞener Özbayraklı
0%
RB LeipzigMFStefan Ilsanker
0%
ReadingMFStephen Quinn
0%
LokerenDFSverrir Ingi Ingason
0%
AGFMFTheódór Elmar Bjarnason
0%
Slovan LiberecGKTomáš Koubek
0%
BursasporFWTomáš Necid
0%
BursasporDFTomáš Sivok
0%
VfL WolfsburgMFVieirnha
0%
1. FC NürnbergMFZoltán Stieber
0%

Score Distribution

Percentile by Number Answered

Percent of People with Each Score

Your Score History

You have not taken this quiz